Todo lo que brilla no es oro : el poder de la admistad / Maria Magdalena Solano (Registro nro. 11724)
[ vista simple ]
| 000 -LEADER | |
|---|---|
| fixed length control field | 00536nam a22001811a 4500 |
| 001 - CONTROL NUMBER | |
| control field | 11724 |
| 003 - CONTROL NUMBER IDENTIFIER | |
| control field | OSt |
| 005 - DATE AND TIME OF LATEST TRANSACTION | |
| control field | 20260204212253.0 |
| 008 - FIXED-LENGTH DATA ELEMENTS--GENERAL INFORMATION | |
| fixed length control field | 130516s2012||||dr ||||||b||||||||||spa|| |
| 020 ## - NUMERO DE LIBRO INTERNACIONAL NORMALIZADO | |
| International Standard Book Number | 9789945005905 |
| 050 ## - LIBRARY OF CONGRESS CALL NUMBER | |
| Classification number | RD 863.5 S42t |
| 100 ## - ASIENTO PRINCIPAL -- NOMBRE PERSONAL | |
| Personal name | Solano Joseph, Maria Magdalena |
| 245 ## - TÍTULO PROPIAMENTE DICHO: SUBTÍTULO | |
| Title | Todo lo que brilla no es oro : el poder de la admistad / Maria Magdalena Solano |
| 264 ## - PRODUCTION, PUBLICATION, DISTRIBUTION, MANUFACTURE, AND COPYRIGHT NOTICE | |
| Place of production, publication, distribution, manufacture | República Dominicana : [ S.N. ] |
| 300 ## - PHYSICAL DESCRIPTION | |
| Extensión | 248 P |
| 650 ## - ASIENTO SECUNDARIO DE MATERIA -- TERMINO TEMÁTICO | |
| Termino Temático Como Elemento de Entrada | Narraciones dominicanas 2.Literactura dominicanaÌ |
| 942 ## - ADDED ENTRY ELEMENTS (KOHA) | |
| Source of classification or shelving scheme | Dewey Decimal Classification |
| Koha item type | Libros |
| Withdrawn status | Lost status | Source of classification or shelving scheme | Damaged status | Not for loan | Current library | Date acquired | Total Checkouts | Full call number | Barcode | Date last seen | Price effective from | Koha item type |
|---|---|---|---|---|---|---|---|---|---|---|---|---|
| Dewey Decimal Classification | Biblioteca UTECO | 09/09/2019 | RD 863.5 S42T | 016982 | 09/09/2019 | 09/09/2019 | Libros | |||||
| Dewey Decimal Classification | Biblioteca UTECO | 09/09/2019 | RD 863.5 S42T | 016983 | 09/09/2019 | 09/09/2019 | Libros |
